VZPĚRNÁ PEVNOST PRUTŮ PROMĚNNÉHO PRŮŘEZU

Bibliographic Details
Main Author: Tocháček, Miloslav (Author)
Format: Article
Language:Czech

MARC

LEADER 00000nab a2200000uu 4500
001 vtls010895728
003 SK-MaSNL
005 20260303141701.0
008 230222|1962 xo |||||||||||||||||cze|
015 |a SNBRB 
035 |a (urnnbn)urn:nbn:sk:snk:ar-006j7d 
035 |a (uuid)0118d242-fbd7-4e04-be19-d13bbb97082e 
035 |a urn:nbn:sk:snk-ab8oju 
040 |a SNKBUCL  |b slo  |c SNKBUCL  |e AACR2 
041 0 |a cze 
044 |a xo  |c SK 
100 1 |a Tocháček, Miloslav  |4 aut  |9 1161472 
245 1 0 |a VZPĚRNÁ PEVNOST PRUTŮ PROMĚNNÉHO PRŮŘEZU  |c Miloslav Tocháček 
773 0 |t Stavebnícky časopis : mesačník pre teoretické problémy stavebných látok a konštrukcií  |g Roč. 10, č. 7 (1962), s. 435-448 
958 |a OND 
958 |a EUIPO 
958 |a article10 
999 |c 1977883  |d 1979813